| 000 | 00000nas##2200000za#4500 |
| 001 | 9.511149 |
| 003 | CaOODSP |
| 005 | 20200325112024 |
| 007 | ta |
| 008 | 150406c2005||||xxc|| p #||||f| |0fre|d |
| 022 | |a1711-1870 |
| 040 | |aCaOODSP|bfre |
| 041 | |aeng |
| 041 | |afre |
| 043 | |an-cn--- |
| 086 | 1 |aCH2-3 |
| 110 | 1 |aCanada.|bPatrimoine canadien. |bMulticulturalisme. |
| 245 | 10|aDiversité canadienne / |c[publié par] l'Association d'études canadiennes. |
| 260 | |aOttawa - Ontario : |bPatrimoine canadien. |
| 310 | |aTrimestriel |
| 362 | 1 |aVol. 1, n° 1, été 2002-- |
| 500 | |a«Diversité canadienne est une publication bilingue. Tous les textes émanant de l'AÉC sont publiés en français et en anglais. Tous les autres textes sont publiés dans la langue d'origine.»--Page [2]. |
| 500 | |aPour toute information sur les publications, communiquez avec : Marie-Pascale Desjardins, Directrice des publications, 514-925-3099, mp.desjardins@acs-aec.ca |
| 520 | 3 |aRenferme des articles portant sur la citoyenneté, l’origine ethnique, l’identité nationale et d’autres questions ayant trait à la diversité, notamment dans le contexte canadien. La plupart des textes sont rédigés par des universitaires provenant de toutes les régions du pays. Comprend souvent des entrevues avec des hommes et des femmes politiques canadiens responsables des dossiers liés à la diversité. |
| 546 | |aBilingue (articles publiés dans leur langue originale). |
| 563 | |aCouverture souple |
| 691 | 07|aPolitique|2gcpds |
| 691 | 07|aMulticulturalisme|2gcpds |
| 776 | 0#|tCanadian diversity = |w(CaOODSP)9.500575 |
| 791 | |tCanadian diversity / |eeng|w(CaOODSP)9.511148 |